000 00452nam a2200169Ia 4500
003 GCL
008 140319s9999 xx 000 0 eng d
040 _aGCL /
_cGCL
082 0 4 _a780.3
_bP B
100 1 _aPICKERING, DAVED
245 1 0 _aBREWER'S TWENTIENTH = CENTURY MUSIC /
_cPICKERING, DAVED
260 _a[S.N] :
_bCLASSICL ،
_c1994
300 _a409P
650 0 4 _aالزواج المؤقت
650 0 4 _aMUSIC - DICTIONARY
942 _2ddc
_cBK
999 _c10344
_d10344